AH International Schools' Libraries

Barbapapa's play (KHMER) / (Record no. 49164)

MARC details
000 -LEADER
fixed length control field 00313nam a2200109 4500
020 ## - INTERNATIONAL STANDARD BOOK NUMBER
International Standard Book Number 9789996345241
100 ## - MAIN ENTRY--PERSONAL NAME
Personal name Theisen, Annette
9 (RLIN) 86486
245 ## - TITLE STATEMENT
Title Barbapapa's play (KHMER) /
Statement of responsibility, etc Annette Theisen & Theo Lois Taylor
260 ## - PUBLICATION, DISTRIBUTION, ETC. (IMPRINT)
Place of publication, distribution, etc Cambodia
Name of publisher, distributor, etc Open Book
Date of publication, distribution, etc 2019
300 ## - PHYSICAL DESCRIPTION
Extent 34 p.
Other physical details col. ill.
Dimensions 17 cm.
942 ## - ADDED ENTRY ELEMENTS (KOHA)
Source of classification or shelving scheme
Koha item type Book
Holdings
Withdrawn status Lost status Source of classification or shelving scheme Damaged status Not for loan Collection code Home library Current library Shelving location Date acquired Total Checkouts Total Renewals Full call number Barcode Date last seen Date checked out Price effective from Koha item type
          Siem Riep Asian Hope Early Years Library Asian Hope Early Years Library Easy Reading 08/07/2025 16 1 KHMER E THE 208005 04/28/2026 04/21/2026 08/07/2025 Book

For any Logos Library related questions please contact Miss Art at swongnarasuk@asianhope.org.

For any Asian Hope Library related questions please contact Miss Raza at graza@asianhope.org.

Powered by Koha